Países socialistas y países liberados: relaciones financieras /

Uloženo v:
Podrobná bibliografie
Hlavní autor: Chéjutov, Andrei
Médium: Text
Tagy: Přidat tag
Žádné tagy, Buďte první, kdo vytvoří štítek k tomuto záznamu!

MARC

LEADER 00000 a a2200000 04500
001 3158
003
040
100 |a Chéjutov, Andrei  
245 |a Países socialistas y países liberados:   |b relaciones financieras /  |c Andrei Chéjutov 
773 |g número 2; páginas 173-187  
999 |c 31946  |d 31946